| 000 | 00558nam a2200181Ia 4500 | ||
|---|---|---|---|
| 008 | 140626s9999 xx 000 0 und d | ||
| 100 | _aRobinson, S. | ||
| 245 |
_aPreventing abuse in accommodation services : _b from procedural response to protective cultures / _cS Robinson ... [et al.]. |
||
| 260 | _cc2011. | ||
| 300 | _a15 : 1, page 63 | ||
| 440 | _aJournal of Intellectual Disabilities | ||
| 521 | _aSPED | ||
| 650 | _aAbuse. | ||
| 650 | _aAccommodation. | ||
| 650 | _aDisability services. | ||
| 650 | _aIntellectual disability. | ||
| 942 | _cSE | ||
| 999 |
_c120962 _d120962 |
||